[Event "Tilburg Fontys"]
[Site "Tilburg"]
[Date "1996.??.??"]
[Round "1"]
[White "Almasi, Zoltan"]
[Black "Karpov, Anatoly"]
[Result "1-0"]
[WhiteElo "2655"]
[BlackElo "2775"]

1.e4 c6 2.d4 d5 3.Nc3 dxe4 4.Nxe4 Nd7 5.Ng5 Ngf6 6.Bd3 e6 7.N1f3 Bd6 8.Qe2 h6
9.Ne4 Nxe4 10.Qxe4 c5 11.Bd2 Qc7 12.O-O c4 13.Be2 Nf6 14.Qh4 Bd7 15.Ne5 Bxe5
16.dxe5 Qxe5 17.Bf3 O-O 18.Bxb7 Rab8 19.Bf4 Qb5 20.Bxb8 Rxb8 21.Bf3 Qxb2
22.Qf4 e5 23.Qe3 a5 24.h3 Re8 25.Be2 Be6 26.Qc1 c3 27.Rb1 Qxa2 28.Ra1 Qd5
29.Qe3 e4 30.Ra3 Qf5 31.Qxc3 Rc8 32.Qd2 Rc5 33.Rfa1 Rd5 34.Qe1 Qg6 35.Rg3 Qf5
36.Bc4 Rc5 37.Bxe6 Qxe6 38.Qd2 Nh5 39.Rb3 Qe5 40.Rba3 Qc7 41.R1a2 Rb5 42.Qe1 Qb7
43.Ra1 Nf4 44.Qe3 Ne6 45.Rb3 Rxb3 46.cxb3 Qd5 47.Qc3 Nf4 48.Qxa5 Ne2+ 49.Kh1 Qd4
50.Re1 Nc3 51.Rc1 Nd5 52.Rc8+ Kh7 53.Rd8  1-0

[Event "Tilburg Fontys"]
[Site "Tilburg"]
[Date "1996.??.??"]
[Round "2"]
[White "Karpov, Anatoly"]
[Black "Lautier, Joel"]
[Result "1-0"]
[WhiteElo "2775"]
[BlackElo "2620"]

1.d4 Nf6 2.c4 e6 3.Nf3 d5 4.Nc3 dxc4 5.Qa4+ c6 6.Qxc4 b5 7.Qd3 Nbd7 8.a3 b4
9.axb4 Bxb4 10.e4 a5 11.e5 Nd5 12.Bd2 Ba6 13.Qe4 Bxf1 14.Kxf1 Ne7 15.g3 c5
16.d5 exd5 17.Nxd5 Nxd5 18.Qxd5 O-O 19.Bg5 Qc8 20.Kg2 Nb6 21.Qe4 Qe6 22.Rhd1 f6
23.Bd2 Bxd2 24.Rxd2 Rae8 25.Rc2 Nd7 26.Rxa5 Qb6 27.Qd5+ Kh8 28.exf6 Qxf6
29.Ra3 Ne5 30.Re3 Nxf3 31.Rxf3 Qxf3+ 32.Qxf3 Rxf3 33.Kxf3 Rc8 34.Ke4 Kg8
35.Kd5 Rb8 36.Re2 Rc8 37.f4 Kf7 38.b3 Kf6 39.Kc4 g5 40.fxg5+ Kxg5 41.Re5+  1-0

[Event "Tilburg Fontys"]
[Site "Tilburg"]
[Date "1996.??.??"]
[Round "2"]
[White "Shirov, Alexei"]
[Black "Almasi, Zoltan"]
[Result "1-0"]
[WhiteElo "2685"]
[BlackElo "2650"]

1.e4 e5 2.Nf3 Nc6 3.Bb5 Nf6 4.O-O Nxe4 5.d4 Nd6 6.Bxc6 dxc6 7.dxe5 Nf5 8.Qxd8+ Kxd8
9.Nc3 Ne7 10.Nd4 Ng6 11.f4 Bc5 12.Be3 Bb6 13.Rae1 Nh4 14.e6 fxe6 15.Nxe6+ Bxe6
16.Bxb6 axb6 17.Rxe6 Kd7 18.Rfe1 Rae8 19.Rxe8 Rxe8 20.Rxe8 Kxe8 21.Kf2 Nf5
22.Ne4 c5 23.g4 Nh6 24.Kf3 Nf7 25.h4 Ke7 26.Ng5 Nd6 27.Nxh7 Nc4 28.f5 Nxb2
29.g5 Nc4 30.h5 b5 31.Kf4 Na3 32.h6 gxh6 33.g6 Nc4 34.f6+ Ke6 35.f7 Ne5 36.f8=N+  1-0

[Event "Tilburg Fontys"]
[Site "Tilburg"]
[Date "1996.??.??"]
[Round "3"]
[White "Leko, Peter"]
[Black "Gelfand, Boris"]
[Result "1/2-1/2"]
[WhiteElo "2630"]
[BlackElo "2665"]

1.e4 c5 2.Nf3 d6 3.Bc4 Nf6 4.d3 Nc6 5.c3 e6 6.Bb3 Be7 7.O-O O-O 8.Re1 d5
9.e5 Nd7 10.d4 b5 11.Nbd2 b4 12.Nf1 bxc3 13.bxc3 Ba6 14.Bc2 Rc8 15.a3 Re8
16.Ne3 cxd4 17.cxd4 Bb5 18.g3 Qa5 19.h4 Nf8 20.Rb1 Rb8 21.Kg2 Rec8 22.h5 Ba6
23.Ng4 Rxb1 24.Bxb1 Rb8 25.Bc2 Qc3 26.Re3 Qa1 27.Qd2 Bc4 28.Re1  1/2-1/2

[Event "Tilburg Fontys"]
[Site "Tilburg"]
[Date "1996.??.??"]
[Round "3"]
[White "Almasi, Zoltan"]
[Black "Van Wely, Loek"]
[Result "0-1"]
[WhiteElo "2655"]
[BlackElo "2605"]

1.e4 c5 2.Nf3 d6 3.d4 cxd4 4.Nxd4 Nf6 5.Nc3 a6 6.Be3 Ng4 7.Bg5 h6 8.Bh4 g5
9.Bg3 Bg7 10.Be2 h5 11.Bxg4 Bxg4 12.f3 Bd7 13.Bf2 e6 14.Nb3 Be5 15.Bd4 Nc6
16.Bxe5 dxe5 17.Qd2 Qf6 18.Nc5 O-O-O 19.N3a4 Be8 20.Nd3 g4 21.O-O Kb8 22.Nb6 gxf3
23.Rxf3 Qg6 24.Qe3 h4 25.Re1 Rg8 26.Rf2 f6 27.Nc5 Qf7 28.c3 f5 29.Nc4 Rg4
30.b3 f4 31.Qf3 Qg6 32.Nd3 Rg5 33.Rd1 Qf6 34.Nc5 Bh5 35.Rxd8+ Qxd8 36.Qd3 Qxd3
37.Nxd3 h3 38.Kf1 Bg4 39.Kg1 b5 40.Nd2 Kc7 41.Ne1 Rg8 42.Ndf3 a5 43.Kh1 b4
44.c4 Rd8 45.Rd2 hxg2+ 46.Kxg2 Ra8 47.h3 Bh5 48.Kf1 a4 49.Ng5 Nd4 50.bxa4 Rxa4
51.Nd3 Be2+ 52.Rxe2 Nxe2 53.Kxe2 Rxa2+ 54.Kd1 b3 55.Nf3 Rg2 56.Kc1 Rc2+ 57.Kb1 Rxc4
58.Ng5 f3 59.Nxf3 Rxe4 60.Kb2 Re2+  0-1

[Event "Tilburg Fontys"]
[Site "Tilburg"]
[Date "1996.??.??"]
[Round "4"]
[White "Svidler, Peter"]
[Black "Karpov, Anatoly"]
[Result "1/2-1/2"]
[WhiteElo "2650"]
[BlackElo "2775"]

1.e4 c6 2.d4 d5 3.Nd2 dxe4 4.Nxe4 Nd7 5.Ng5 Ngf6 6.Bc4 e6 7.Qe2 Nb6 8.Bd3 h6
9.N5f3 c5 10.Be3 Qc7 11.Ne5 Bd6 12.Ngf3 Nbd5 13.Bb5+ Ke7 14.O-O a6 15.Bd3 b5
16.c3 Bb7 17.Bd2 cxd4 18.cxd4 Rhc8 19.Rfc1 Qb6 20.Re1 Bb4 21.a4 Bxd2 22.Qxd2 Kf8
23.Bf1 Rab8 24.axb5 axb5 25.Qd3 Ne7 26.Qa3 b4 27.Qb3 Bd5  1/2-1/2

[Event "Tilburg Fontys"]
[Site "Tilburg"]
[Date "1996.??.??"]
[Round "4"]
[White "Gelfand, Boris"]
[Black "Almasi, Zoltan"]
[Result "1/2-1/2"]
[WhiteElo "2665"]
[BlackElo "2655"]

1.Nf3 Nf6 2.c4 e6 3.Nc3 Bb4 4.Qb3 a5 5.g3 b6 6.Bg2 Bb7 7.O-O O-O 8.d3 Na6
9.e4 Nc5 10.Qc2 Bxc3 11.bxc3 d6 12.Ng5 h6 13.Nh3 Qe8 14.f4 Nh7 15.f5 exf5
16.Rxf5 Qa4 17.Qe2 Rae8 18.g4 Nb3 19.Qc2 Nc5 20.Qe2 Nb3 21.Qc2 Nc5  1/2-1/2

[Event "Tilburg Fontys"]
[Site "Tilburg"]
[Date "1996.??.??"]
[Round "4"]
[White "Van Wely, Loek"]
[Black "Lautier, Joel"]
[Result "1/2-1/2"]
[WhiteElo "2605"]
[BlackElo "2620"]

1.d4 Nf6 2.c4 e6 3.Nf3 b6 4.g3 Ba6 5.b3 Bb4+ 6.Bd2 Be7 7.Bg2 c6 8.Bc3 d5
9.Ne5 Nfd7 10.Nxd7 Nxd7 11.Nd2 O-O 12.O-O f5 13.Rc1 Rc8 14.Bb2 b5 15.c5 b4
16.Nf3 Bf6 17.Qd2 Rb8 18.Ra1 Bb5 19.Rfc1 g5 20.Qxb4 g4 21.Ne5 Bxe5 22.dxe5 Bxe2
23.Qd2 Ba6 24.b4 Rf7 25.a4 Nf8 26.Bd4 Bc4 27.Rab1 Ng6 28.Ba1 Rfb7 29.Bf1 Bxf1  1/2-1/2

[Event "Tilburg Fontys"]
[Site "Tilburg"]
[Date "1996.??.??"]
[Round "5"]
[White "Adams, Michael"]
[Black "Svidler, Peter"]
[Result "1/2-1/2"]
[WhiteElo "2685"]
[BlackElo "2650"]

1.e4 c5 2.Nf3 d6 3.d4 cxd4 4.Nxd4 Nf6 5.Nc3 Nc6 6.Bg5 e6 7.Qd2 a6 8.O-O-O h6
9.Be3 Be7 10.f4 Nxd4 11.Bxd4 b5 12.Qe3 Qc7 13.e5 dxe5 14.fxe5 Nd7 15.Ne4 Bb7
16.Nd6+ Qxd6 17.exd6 Bg5 18.Qxg5 hxg5 19.Bxg7 Rh4 20.Bc3 Rc8 21.h3 Bd5 22.Rh2 Re4
23.Bd3 Rf4 24.Bd2 Rf2 25.Be3 Rxg2 26.Rxg2 Bxg2 27.Bxg5 Ne5 28.Be2 Kd7 29.Bf6 Ng6
30.Bg4 Nf4 31.Rd2 Bxh3 32.Bxh3 Nxh3 33.Rh2 Nf4 34.Rh7 Kxd6  1/2-1/2

[Event "Tilburg Fontys"]
[Site "Tilburg"]
[Date "1996.??.??"]
[Round "5"]
[White "Lautier, Joel"]
[Black "Gelfand, Boris"]
[Result "1/2-1/2"]
[WhiteElo "2620"]
[BlackElo "2665"]

1.e4 c5 2.Nf3 d6 3.d4 cxd4 4.Nxd4 Nf6 5.Nc3 a6 6.Be2 e5 7.Nb3 Be7 8.O-O O-O
9.Be3 Be6 10.Qd2 Nbd7 11.a4 Rc8 12.a5 Qc7 13.Rfd1 Nc5 14.Nxc5 dxc5 15.Bf3 Rfd8
16.Qe1 Rxd1 17.Qxd1 c4 18.Bb6 Qd6 19.Qe1 Qb4 20.Qb1 h6 21.h3 Qd6 22.Be3 Qc6
23.Ra4 Rd8 24.Qe1 Rd7 25.Bb6 Bc5 26.Bxc5 Qxc5 27.Nd5 Bxd5 28.exd5 e4 29.Be2 c3
30.Qxc3 Qxc3 31.bxc3 Rxd5 32.Rb4 Rxa5 33.Rxb7 Ra1+ 34.Kh2 Ra2 35.Bc4 Rxc2
36.Rxf7  1/2-1/2

[Event "Tilburg Fontys"]
[Site "Tilburg"]
[Date "1996.??.??"]
[Round "6"]
[White "Svidler, Peter"]
[Black "Shirov, Alexei"]
[Result "0-1"]
[WhiteElo "2650"]
[BlackElo "2685"]

1.e4 d5 2.exd5 Nf6 3.d4 Bg4 4.Be2 Bxe2 5.Qxe2 Qxd5 6.Nf3 Nc6 7.Nc3 Qh5 8.Bg5 Nxd4
9.Nxd4 Qxg5 10.h4 Qh5 11.f3 O-O-O 12.O-O-O e6 13.g4 Qa5 14.Nb3 Rxd1+ 15.Rxd1 Qa6
16.Qxa6 bxa6 17.Rd4 Nd7 18.Ra4 Ne5 19.Nd2 Kb7 20.Kd1 Be7 21.h5 g6 22.Re4 Nc6
23.hxg6 hxg6 24.f4 Rh1+ 25.Ke2 f5 26.gxf5 gxf5 27.Rc4 Rh2+ 28.Kd1 e5 29.Nd5 Rh1+
30.Ke2 Bh4 31.Nb3 Bg3 32.Nc5+ Kc8 33.Nb3 Rh2+ 34.Kd1 exf4 35.Rxc6 f3 36.Rf6 Rh1+
37.Kd2 f2 38.Rf8+ Kd7 39.Rxf5 f1=Q 40.Rxf1 Rxf1 41.Nb4 Bd6 42.Nd3 Rf5 43.Kc3 Rh5
44.Nd2 Kc6 45.Nc4 Rh4 46.Kb3 Kb5 47.Ne3 Re4 48.Nd5 Rd4 49.Nc3+ Kc6 50.Na4 Kd5
51.Nc3+ Ke6 52.Nd1 c5 53.Ne3 Re4 54.Nc4 Be7 55.Nf2 Rh4 56.Nd3 Bg5 57.Kc3 Kd5
58.b3 Rh2 59.b4 Rh4  0-1

[Event "Tilburg Fontys"]
[Site "Tilburg"]
[Date "1996.??.??"]
[Round "6"]
[White "Van Wely, Loek"]
[Black "Karpov, Anatoly"]
[Result "1-0"]
[WhiteElo "2605"]
[BlackElo "2775"]

1.d4 Nf6 2.c4 e6 3.Nf3 b6 4.g3 Ba6 5.b3 Bb7 6.Bg2 Bb4+ 7.Bd2 a5 8.O-O O-O
9.Nc3 d6 10.Qc2 Nbd7 11.Rfe1 Bxc3 12.Bxc3 Be4 13.Qb2 Qb8 14.Bf1 c5 15.Rad1 Rd8
16.Bh3 a4 17.Nd2 axb3 18.axb3 Bb7 19.d5 e5 20.e4 Nf8 21.f4 N6d7 22.Nf3 Re8
23.Rf1 f6 24.Qc2 Qc7 25.Ra1 Rxa1 26.Rxa1 Kf7 27.Nh4 Ra8 28.Rf1 Bc8 29.Qe2 g6
30.Qf2 Qd8 31.Nf3 Qe7 32.Ng5+ Kg7 33.Ne6+ Kg8 34.Nc7 Ra7 35.Nb5 Ra8 36.fxe5 dxe5
37.d6 Qf7 38.Nc7 Rb8 39.Nd5 Kg7 40.Bxd7 Nxd7 41.Nxf6 Qxf6 42.Qxf6+ Nxf6 43.Bxe5 Bh3
44.Bxf6+ Kf7 45.Rf4 Ke6 46.Be7 Ra8 47.Rh4 Ra1+ 48.Kf2 Ra2+ 49.Ke3 Bf1 50.Rxh7 Rb2
51.d7 Re2+ 52.Kf4 Kxd7 53.Bxc5+ Kc6 54.Be3 g5+ 55.Kf3 Rb2 56.Rh6+ Kd7 57.Kg4 Rxb3
58.Bxb6 Bxc4 59.Kxg5 Rb5+ 60.Kf4 Bd3 61.e5 Bc4 62.Rd6+ Ke7 63.h4 Be6 64.h5 Rb2
65.Be3 Rb4+ 66.Rd4  1-0

[Event "Tilburg Fontys"]
[Site "Tilburg"]
[Date "1996.??.??"]
[Round "7"]
[White "Shirov, Alexei"]
[Black "Van Wely, Loek"]
[Result "0-1"]
[WhiteElo "2685"]
[BlackElo "2605"]

1.e4 c5 2.Nf3 d6 3.d4 cxd4 4.Nxd4 Nf6 5.Nc3 a6 6.Be3 e6 7.g4 h6 8.f4 b5 9.Bg2 Bb7
10.a3 Nbd7 11.g5 hxg5 12.fxg5 Nh5 13.g6 Ne5 14.gxf7+ Kxf7 15.O-O+ Nf6 16.Nf3 Nxf3+
17.Bxf3 Qc7 18.e5 dxe5 19.Bxb7 Qxb7 20.Qg4 Rc8 21.Ne4 Rc4 22.Ng5+ Kg6 23.Qg3 Nh5
24.Qf3 Qxf3 25.Nxf3 Bd6 26.Rad1 Bb8 27.Rd2 Rg4+ 28.Rg2 Rxg2+ 29.Kxg2 Nf4+
30.Kh1 Ne2 31.Bf2 e4 32.Nh4+ Kg5 33.Re1 Nf4 34.Rxe4 Rxh4 35.Bxh4+ Kxh4 36.a4 e5
37.axb5 axb5 38.c4 Kg4 39.cxb5 Kf3 40.Rc4 e4 41.Rc8 Bd6  0-1

[Event "Tilburg Fontys"]
[Site "Tilburg"]
[Date "1996.??.??"]
[Round "7"]
[White "Almasi, Zoltan"]
[Black "Adams, Michael"]
[Result "1/2-1/2"]
[WhiteElo "2655"]
[BlackElo "2685"]

1.e4 e5 2.Nf3 Nc6 3.Bb5 a6 4.Ba4 Nf6 5.O-O Be7 6.Re1 b5 7.Bb3 d6 8.c3 O-O
9.h3 Nd7 10.d4 Nb6 11.Nbd2 exd4 12.cxd4 Nb4 13.Nf1 c5 14.a3 Nc6 15.Ng3 Nxd4
16.Nxd4 cxd4 17.Qxd4 Bf6 18.Qb4 Be6 19.Nh5 Bxb3 20.Nxf6+ Qxf6 21.Qxb3 Rfe8
22.Bd2 Na4 23.Rab1 Rac8 24.f3 h6 25.Bb4  1/2-1/2

[Event "Tilburg Fontys"]
[Site "Tilburg"]
[Date "1996.??.??"]
[Round "8"]
[White "Svidler, Peter"]
[Black "Van Wely, Loek"]
[Result "1/2-1/2"]
[WhiteElo "2650"]
[BlackElo "2605"]

1.e4 c5 2.Nf3 d6 3.d4 cxd4 4.Nxd4 Nf6 5.Nc3 a6 6.Be2 e6 7.f4 Be7 8.Be3 O-O
9.O-O Nc6 10.Qe1 Nxd4 11.Bxd4 b5 12.a3 Bb7 13.Qg3 Bc6 14.Rae1 Qd7 15.Bd3 a5
16.b4 axb4 17.axb4 e5 18.fxe5 dxe5 19.Qxe5 Bd6 20.Qf5 Bxh2+ 21.Kxh2 Qxd4
22.e5 Bd7 23.Qf3 Ng4+ 24.Kh1 Nxe5 25.Bxh7+ Kxh7 26.Qh5+ Kg8 27.Qxe5 Qh4+
28.Qh2 Qxh2+ 29.Kxh2 Rfe8 30.Rxe8+ Bxe8 31.Rf5 Rc8 32.Nxb5 Rxc2 33.Nd4 Rc4
34.Rd5 Rxb4 35.Rd8 Kh7 36.Rxe8 Rxd4 37.Kg3 f5 38.Kf3 Kh6 39.Re3 Kh5 40.g3 g5
41.Ra3 g4+ 42.Kg2 Rd6 43.Ra4 Kg5 44.Rf4 Kf6 45.Rf1 Rd2+ 46.Kg1 Re2 47.Rf4 Ke5  1/2-1/2

[Event "Tilburg Fontys"]
[Site "Tilburg"]
[Date "1996.??.??"]
[Round "9"]
[White "Van Wely, Loek"]
[Black "Gelfand, Boris"]
[Result "1/2-1/2"]
[WhiteElo "2605"]
[BlackElo "2665"]

1.d4 d5 2.c4 c6 3.Nc3 Nf6 4.Nf3 e6 5.Bg5 h6 6.Bxf6 Qxf6 7.e3 Nd7 8.a3 g6
9.b4 Bg7 10.cxd5 cxd5 11.Bd3 O-O 12.O-O Qe7 13.Qb3 Nb6 14.a4 Bd7 15.Nd2 Nc8
16.Rfc1 Nd6 17.b5 Rfc8 18.a5 Qd8 19.Qb2 e5 20.Nb3 exd4 21.Nxd4 Nc4 22.Bxc4 dxc4
23.Qe2 a6 24.b6 Bc6 25.Rd1 Qe7 26.Qd2 Be4 27.Rac1 Rc5 28.Na4 Bxd4 29.exd4 Rg5
30.g3 Bf3 31.Re1 Qd7  1/2-1/2

[Event "Tilburg Fontys"]
[Site "Tilburg"]
[Date "1996.??.??"]
[Round "9"]
[White "Sutovskij, Emil"]
[Black "Adams, Michael"]
[Result "0-1"]
[WhiteElo "2565"]
[BlackElo "2685"]

1.e4 e5 2.Nf3 Nc6 3.Bb5 a6 4.Ba4 Nf6 5.O-O Be7 6.Bxc6 dxc6 7.Qe2 c5 8.d3 Nd7
9.Nbd2 O-O 10.Nc4 Bd6 11.Nfd2 Nb8 12.f4 exf4 13.e5 Be7 14.Rxf4 Nc6 15.Nf3 Be6
16.b3 b5 17.Ne3 f5 18.exf6 Bxf6 19.Rb1 Qd6 20.Re4 Nd4 21.Nxd4 Bxd4 22.Kh1 Bc8
23.Bd2 Bb7 24.Rg4 Rae8 25.c3 Be5 26.Rh4 Bf4 27.Rh3 Bc8 28.Rh4 g5 29.Rh5 Qg6
30.Rf1 Rf7  0-1

[Event "Tilburg Fontys"]
[Site "Tilburg"]
[Date "1996.??.??"]
[Round "10"]
[White "Svidler, Peter"]
[Black "Gelfand, Boris"]
[Result "1/2-1/2"]
[WhiteElo "2650"]
[BlackElo "2665"]

1.e4 c5 2.Nf3 d6 3.d4 cxd4 4.Nxd4 Nf6 5.Nc3 a6 6.Be2 e5 7.Nb3 Be7 8.O-O O-O
9.Be3 Be6 10.Nd5 Nxd5 11.exd5 Bf5 12.Qd2 a5 13.f4 exf4 14.Rxf4 Bg6 15.Ra4 b6
16.Nd4 Bf6 17.Rc4 Re8 18.Re1 Bxd4 19.Bxd4 Na6 20.Bf3 Rxe1+ 21.Qxe1 Nb4 22.Qg3 b5
23.Rc3 Qf8 24.Bb6 Nxc2 25.Rc6 Qe7 26.Rxd6 Rc8  1/2-1/2